| 000 | 01527nam a2200277 a 4500 | ||
|---|---|---|---|
| 001 | ASIN1741041856 | ||
| 005 | 20170105102923.0 | ||
| 008 | 131209s2007 xxu eng d | ||
| 020 |
_a1741041856 (paperback) _c$24.99 |
||
| 020 | _a9781741041859 (paperback) | ||
| 040 | _a0 | ||
| 100 | 1 | _aHarper, Damian. | |
| 245 | 1 | 0 |
_aChina's southwest / _cDamian Harper, Tienlon Ho, Thomas Huhti, Korina Miller, Eilis Quinn. |
| 250 | _a3rd ed. | ||
| 260 |
_a[S.l.] : _bLonely Planet, _c2007. |
||
| 300 |
_a528 p. ; _c21 cm. |
||
| 490 | 1 | _aLonely planet regional guide. | |
| 520 | _aDiscover China's Southwest Follow your shadow floating over limestone peaks on a Guangxi ballooning voyage. Hike Tiger Leaping Gorge to the snowcapped mountaintops of Haba Shan via the Jinsha River. Savour the Yin and Yang of spicy, sizzling or soaked-in-soy Southwest delicacies. Get caught up in the dancing at the vibrant Miao Lusheng Festival. In This Guide Five intrepid authors, 220 days of in-country research, 157 bus rides and one rotting yak's head. Includes captivating new destinations not covered in any other English-language guidebook. Chapters dedicated to gateway cities (Beijing, Honk Kong and Shanghai), minority cultures and adventure activities. | ||
| 700 | 1 | _aHo, Tienlon. | |
| 700 | 1 | _aHuhti, Thomas. | |
| 700 | 1 | _aMiller, Korina. | |
| 700 | 1 | _aQuinn, Eilis. | |
| 830 | 0 | _aLonely planet regional guide. | |
| 856 | 4 | 0 |
_3Amazon.com _uhttp://www.amazon.com/exec/obidos/ASIN/1741041856/chopaconline-20 |
| 942 |
_2ddc _cBK |
||
| 999 |
_c15685 _d15685 |
||